Notas sobre la formación histórica del "otro" nicaragüense en la nacionalidad costarricense /
Se propone explorar la formación de la nacionalidad en Costa Rica y la representación de los nicaraguenses como "otros", procesos de larga duración que se han afectado muntuamente. Rev/PAG
Salvato in:
| Autore principale: | |
|---|---|
| Natura: | testo |
| Soggetti: | |
| Tags: |
Aggiungi Tag
Nessun Tag, puoi essere il primo ad aggiungerne!!
|
MARC
| LEADER | 00000 a a2200000 04500 | ||
|---|---|---|---|
| 001 | 15627 | ||
| 003 | |||
| 040 | |||
| 100 | |a Sandoval García, Carlos | ||
| 245 | |a Notas sobre la formación histórica del "otro" nicaragüense en la nacionalidad costarricense / |c Carlos Sandoval García | ||
| 520 | |a Se propone explorar la formación de la nacionalidad en Costa Rica y la representación de los nicaraguenses como "otros", procesos de larga duración que se han afectado muntuamente. Rev/PAG | ||
| 650 | |a MIGRANTES | ||
| 650 | |a INMIGRANTES | ||
| 650 | |a CULTURA | ||
| 650 | |a SUBCULTURA | ||
| 650 | |a MINORIAS ETNICAS | ||
| 650 | |a GRUPOS ETNICOS | ||
| 773 | |g número 40; páginas 107-125 | ||
| 999 | |c 31577 |d 31577 | ||
